1387 1465 1377 1137 1485 1545 1906 1850 1785 1027 1173 1556 1216 1801 1664 1063 1542 1719 1446 1126 1197 1780 1951 1758 1293 1487 1568 1092 1375 1395 1653 1090 1988 1113 1665 1364 1912 1965 1773 1598 1507 1531 1127 1860 1517 1542 1713 1364 1441 1133 1717 1968 1641 1491 1655 1479 1173 1236 1634 1804 1350 1319 1978 1764 1160 1524 1395 1505 1424 1450 1085 1240 1940 1560 1572 1723 1710 1986 1726 1106 1647 1763 1122 1078 1264 1625 1458 1608 1342 1971 1532 1837 1736 1929 1571 1347 1665 1260 1378 BCNSPRNW ULIB Ver.6.0+V

เปลี่ยนเป็นภาษาไทย

Change to English
 แสดงรายละเอียดบรรณานุกรม
  กลับหน้าหลัก

Brief Record : Get Marc (ISO 2709) : E-mail record : QR code < ปิดหน้าต่าง
LEADER : 00000nam 2200000uu 4500
001    13399112298
003     ULIB
008    110627s2553||||th 000 0 tha d
020    9786167205205
090    นว.^bบ675ร 2553
100 0  บุษบาพาฝัน
245 00 รอยแค้น แสนรัก/^cบุษบาพาฝัน
250    พิมพ์ครั้งที่ 1
260    กรุงเทพฯ :^bเม็ดทรายพริ้นติ้ง,^c2553
300    451 หน้า
710 1  เม็ดทรายพริ้นติ้ง
945    ^p328^l0^i028074
995    ทศพร
999 ^a ใช้งานได้ทุกระบบ
รายการนี้ยังไม่มีแท็ก
คุณยังไม่ได้ล็อกอิน คุณสามารถมีกิจกรรมร่วมกับเว็บไซต์ได้ แต่ต้องล็อกอินก่อน ::
  ล็อกอิน

รายการสื่อสารสนเทศ

ลำดับที่ ประเภท เลขเรียก/บาร์โค้ด สถานที่ สถานะ
- ไม่พบข้อมูล -

BibComment


ยังไม่เคยถูกคอมเมนท์

คอมเมนท์ทรัพยากรรายการนี้
  คอมเมนท์: รอยแค้น แสนรัก บุ..


 Copyright 2026. Bcnsprnw @Library